Top 20 US State Highpoints - Statistics

General Stats
  • This quiz has been taken 470 times
  • The average score is 13 of 20
Answer Stats
Highest Point State % Correct
Mt. McKinley/Denali (20,236 ft.) Alaska
99%
Mt. Rainier (14,417 ft.) Washington
94%
Mauna Kea (13,803 ft.) Hawai'i
90%
Mt. Whitney (14,505 ft.) California
86%
Mt. Elbert (14,440 ft.) Colorado
79%
Mt. Hood (11,249 ft.) Oregon
76%
Gannett Pk. (13,809 ft.) Wyoming
70%
Kings Pk. (13,534 ft.) Utah
67%
Granite Pk. (12,807 ft.) Montana
66%
Guadeloupe Pk. (8,751 ft.) Texas
64%
Wheeler Pk. (13,167 ft.) New Mexico
62%
Borah Pk. (12,668 ft.) Idaho
61%
Boundary Pk. (13,147 ft.) Nevada
60%
Humphreys Pk. (12,637 ft.) Arizona
59%
Mt. Washington (6,288 ft.) New Hampshire
57%
Mt. Mitchell (6,684 ft.) North Carolina
47%
Clingmans Dome (6,643 ft.) Tennessee
45%
Harney Pk. (7,244 ft.) South Dakota
42%
Mt. Rogers (5,729 ft.) Virginia
39%
Panorama Pt. (5,427 ft.) Nebraska
26%
No matching quizzes found
Score Distribution
Percent of People with Each Score
Percentile by Number Answered
Your Score History
You have not taken this quiz